OECD Reviews of School Resources Denmark 2016

Ebook from OECD

Gespeichert in:
Bibliographische Detailangaben
1. Verfasser: Nusche, Deborah
Weitere Verfasser: Radingeri, Thomas
Format: Buch
Sprache:Undetermined
Veröffentlicht: OECD 2016
Schlagworte:
Online Zugang:http://lrc.tdmu.edu.vn/opac/search/detail.asp?aID=2&ID=40187
Tags: Tag hinzufügen
Keine Tags, Fügen Sie den ersten Tag hinzu!
Thư viện lưu trữ: Trung tâm Học liệu Trường Đại học Thủ Dầu Một
LEADER 00659nam a2200205Ia 4500
001 TDMU_40187
008 210410s9999 xx 000 0 und d
082 |a 650.12 
100 |a Nusche, Deborah 
245 0 |a OECD Reviews of School Resources 
245 0 |b Denmark 2016 
245 0 |c Deborah Nusche, Thomas Radingeri, Torberg Falch 
260 |b OECD 
260 |c 2016 
300 |a 200tr 
520 |a Ebook from OECD 
650 |a Education  |z Denmark; Giáo dục  |z Đan Mạch 
700 |a Radingeri, Thomas 
856 |u http://lrc.tdmu.edu.vn/opac/search/detail.asp?aID=2&ID=40187 
980 |a Trung tâm Học liệu Trường Đại học Thủ Dầu Một